20 in 2024 - Statistics

General Stats
  • This quiz has been taken 5 times
  • The average score is 18 of 30
Answer Stats
Hint Answer % Correct
Will Ferrell, Steve Carell & Christina Applegate Anchorman: The Legend Of Ron Burgundy
100%
Lindsay Lohan, Rachel McAdams & Tina Fey Mean Girls
100%
Mike Myers, Cameron Diaz & Eddie Murphy Shrek 2
100%
Tobey Maguire, Kirsten Dunst & Alfred Molina Spider-Man 2
100%
Jennifer Garner, Mark Ruffalo & Judy Greer 13 Going On 30
75%
Adam Sandler, Drew Barrymore & Sean Astin 50 First Dates
75%
Halle Berry, Benjamin Bratt & Sharon Stone Catwoman
75%
Daniel Radcliffe, Emma Watson & Rupert Grint Harry Potter And The Prisoner Of Azkaban
75%
Ron Perlman, Selma Blair & John Hurt Hellboy
75%
Will Smith, Bridget Moynahan & James Cromwell I, Robot
75%
Simon Pegg, Nick Frost & Bill Nighy Shaun Of The Dead
75%
Marlon Wayans, Shawn Wayans & Busy Phillipps White Chicks
75%
Hilary Duff, Chad Michael Murray & Jennifer Coolidge A Cinderella Story
50%
Jude Law, Marisa Tomei & Susan Sarandon Alfie
50%
Clive Owen, Ioan Gruffudd & Keira Knightley King Arthur
50%
Denzel Washington, Dakota Fanning & Christopher Walken Man On Fire
50%
Nicolas Cage, Sean Bean & Harvey Keitel National Treasure
50%
George Clooney, Brad Pitt & Julia Roberts Ocean's Twelve
50%
Will Smith, Jack Black & Angelina Jolie Shark Tale
50%
Ben Stiller, Owen Wilson & Snoop Dogg Starsky & Hutch
50%
Matt Damon, Franka Potente & Julia Stiles The Bourne Supremacy
50%
Dennis Quaid, Jake Gyllenhaal & Emmy Rossum The Day After Tomorrow
50%
Brad Pitt, Eric Bana & Orlando Bloom Troy
50%
Hugh Jackman, Kate Beckinsale & Will Kemp Van Helsing
50%
Ben Stiller, Jennifer Aniston & Alec Baldwin Along Came Polly
25%
Vince Vaughn, Ben Stiller & Justin Long DodgeBall: A True Underdog Story
25%
Uma Thurman, David Carradine & Daryl Hannah Kill Bill: Vol 2
25%
Pierce Brosnan, Julianne Moore & Frances Fisher Laws Of Attraction
25%
Vin Diesel, Karl Urban & Judi Dench The Chronicles Of Riddick
25%
Bill Paxton, Sophia Myles & Ben Kingsley Thunderbirds
25%
No matching quizzes found
Score Distribution
Percent of People with Each Score
Percentile by Number Answered
Your Score History
You have not taken this quiz